Avances en biomedicina y biopatología / (Record no. 169255)

MARC details
000 -LEADER
campo de control de longitud fija 00919nam a2200277 i 4500
001 - NÚMERO DE CONTROL
campo de control 169255
003 - IDENTIFICADOR DE NÚMERO DE CONTROL
campo de control ES-MaACL
005 - FECHA Y HORA DE LA ÚLTIMA TRANSACCIÓN
campo de control 20250814011835.0
008 - DATOS DE LONGITUD FIJA--INFORMACIÓN GENERAL
campo de control de longitud fija 080826s2005 sp |||| | spa d
017 ## - NÚMERO DE COPYRIGHT O DE DEPÓSITO LEGAL
Número de copyright o de depósito legal M-26.851-2005
020 ## - NÚMERO INTERNACIONAL ESTÁNDAR DEL LIBRO
Número Internacional Estándar del Libro 84-95433-16-8
080 ## - NÚMERO DE LA CLASIFICACIÓN DECIMAL UNIVERSAL
Número de la Clasificación Decimal Universal 615.9
080 ## - NÚMERO DE LA CLASIFICACIÓN DECIMAL UNIVERSAL
Número de la Clasificación Decimal Universal 57
245 00 - MENCIÓN DEL TÍTULO
Título Avances en biomedicina y biopatología /
Mención de responsabilidad, etc. [directores, Fernando Bandrés, Félix Gómez-Gallego].
260 ## - PUBLICACIÓN, DISTRIBUCIÓN, ETC.
Lugar de publicación, distribución, etc. Madrid :
Nombre del editor, distribuidor, etc. Universidad Europea de Madrid,
Fecha de publicación, distribución, etc. 2005.
300 ## - DESCRIPCIÓN FÍSICA
Extensión 284 p. :
Otras características físicas il. col., graf. ;
Dimensiones 24 cm.
490 1# - MENCIÓN DE SERIE
Mención de serie Avances en ciencias de la salud y de la vida
504 ## - NOTA DE BIBLIOGRAFÍA, ETC.
Nota de bibliografía, etc. Bibliografía.
650 #4 - PUNTO DE ACCESO ADICIONAL DE MATERIA--TÉRMINO DE MATERIA
Término de materia o nombre geográfico como elemento de entrada Toxicología.
9 (RLIN) 136941
650 17 - PUNTO DE ACCESO ADICIONAL DE MATERIA--TÉRMINO DE MATERIA
Término de materia o nombre geográfico como elemento de entrada Biología
Fuente del encabezamiento o término embne
9 (RLIN) 10580
700 1# - ENTRADA AGREGADA--NOMBRE PERSONAL
Nombre de persona Bandrés Moya, Fernando.
9 (RLIN) 138338
700 1# - ENTRADA AGREGADA--NOMBRE PERSONAL
Nombre de persona Gómez-Gallego, Félix.
9 (RLIN) 138339
830 0# - PUNTO DE ACCESO ADICIONAL DE SERIE-TÍTULO UNIFORME
Título uniforme Avances en ciencias de la salud y de la vida
9 (RLIN) 222803
852 ## - LOCALIZACIÓN
Ubicación ES-MaACL
Número de control de estantería L-29725
Holdings
Estatus retirado Estado de pérdida Estado de daño No para préstamo Biblioteca de origen Biblioteca actual Ubicación en estantería Fecha de adquisición Fuente de adquisición Total de préstamos Signatura topográfica completa Código de barras Visto por última vez Precio de reemplazo Tipo de ítem Koha
        Biblioteca del Ateneo de Madrid Biblioteca del Ateneo de Madrid Depósito 2 26/08/2008     L-29725 1177698 23/02/2023 23/02/2023 Libro impreso